Dreifaltigkeit
Saved in:
| Hovedforfatter: | |
|---|---|
| Format: | Bog |
| Sprog: | tysk |
| Udgivet: |
Dortmund
Verlag Friedrich Pustet
2002
|
| Udgivelse: | 1a. ed |
| Serier: | Topos Plus Taschenbücher, 434
|
| Fag: | |
| Tags: |
Tilføj Tag
Ingen Tags, Vær først til at tagge denne postø!
|
MARC
| LEADER | 00000cam a2200000 a 4500 | ||
|---|---|---|---|
| 001 | UCE8274 | ||
| 003 | CL-VaPUC | ||
| 008 | 150728e20020000gw |||||||||||||||||ger|d | ||
| 020 | |a 3786784345 | ||
| 082 | 0 | 4 | |a 281 |b STU |2 21 |
| 100 | 0 | |a Stubenrauch, Bertram |e author |9 581029 | |
| 245 | 1 | 0 | |a Dreifaltigkeit |
| 250 | |a 1a. ed | ||
| 300 | |a 151 p | ||
| 942 | |c BK | ||
| 945 | |d 20150728 02:04:00 |a gsalatino | ||
| 260 | |a Dortmund |b Verlag Friedrich Pustet |c 2002 | ||
| 600 | 0 | |a Dios |9 314467 | |
| 650 | 7 | |a SANTISIMA TRINIDAD |2 CL-VaPUC |9 479104 | |
| 650 | 0 | |a Patrística |9 322007 | |
| 583 | |a last modification |c 20150728 02:04:00 |k Rodrigo Vera | ||
| 490 | 0 | |a Topos Plus Taschenbücher, 434 | |
| 999 | |c 360208 |d 360206 | ||
| 952 | |0 0 |1 0 |3 erb |4 0 |6 281_000000000000000_STU_2002 |7 0 |8 A |9 469861 |a BIBTEO |b BIBTEO |e Casale Rolle, Carlos Ignacio, -2014 |i 5185173 |o 281 STU 2002 |p 5185173 |r 2024-01-18 |w 2019-11-23 |y BK |z Catalogado en:20150728 |k ICR | ||